00442 2200169 4500001002100000005001500021035002000036245004800056100002100104250001700125300003200142260003500174082000800209084001400217020002200231650001900253INLIS00000000000042920240629021513 a0010-06240001381 aMengenal Surat Menyurat /cEko Purwaningsih0 aEko Purwaningsih acetakan ke-1 aiv, 92 hlm :bilus ;c21 cm aJakarta :bGaneca Exact,c2007 a395 a395 EKO m a978-979-571-469-9 4asurat menyurat